[Event "Titled Tue 10th Jun Early"]
[Site "chess.com INT"]
[Date "2025.06.10"]
[Round "10"]
[White "Loskutova, Viktoriya"]
[Black "Williams, Simon K"]
[Result "0-1"]
[WhiteTitle "WFM"]
[BlackTitle "GM"]
[WhiteElo "2092"]
[BlackElo "2444"]
[WhiteFideId "34166278"]
[BlackFideId "404454"]
[EventDate "2025.06.10"]

1. e4 d6 2. d4 Nf6 3. Nc3 Nbd7 4. Nf3 e5 5. Bc4 Be7 6. O-O c6 7. Re1 h6 8. a4 a5
9. h3 g5 10. Be3 g4 11. dxe5 dxe5 12. Nh4 gxh3 13. Nf5 Rg8 14. Qf3 hxg2 15. Nxh6
Rg7 16. Nf5 Rh7 17. Qxg2 Nc5 18. Rad1 Qc7 19. Bg5 Bxf5 20. exf5 Kf8 21. Kf1 Nh5
22. Be3 Re8 23. Ne4 Nxe4 24. Qxe4 Nf6 25. Qg2 e4 26. Ke2 Qe5 27. Rh1 Qxf5 28.
Rxh7 Qf3+ 29. Qxf3 exf3+ 30. Kxf3 Nxh7 31. Rh1 Kg7 32. Ke2 Bg5 33. Kd2 Bxe3+ 34.
fxe3 Ng5 35. Bd3 Kf6 36. Rf1+ Ke6 37. Rf5 f6 38. Rxa5 Rh8 39. Ra7 Rb8 40. a5
Nf3+ 41. Kc3 Ne5 42. a6 bxa6 43. Rxa6 Kd6 44. Be4 Kc5 45. b4+ Rxb4 46. Bd3 Rb1
47. Ra5+ Kd6 48. Ra8 Rb7 49. Rf8 Ke7 50. Rh8 Kd6 51. Rd8+ Rd7 52. Rh8 Kc5 53.
Be4 Rd1 54. Rf8 Rd6 55. Bd3 Nd7 56. Rf7 Nb6 57. Rf8 Nd5+ 58. Kd2 Nb4 59. Ke2 Nd5
60. Rf7 Re6 61. Rf8 Nxe3 62. Kd2 Nd5 63. Ra8 Rd6 64. Kc1 Kd4 65. Ra4+ Kc5 66.
Rc4+ Kb6 67. Re4 Nc7 68. Re7 Nd5 69. Re8 Kc5 70. Ra8 Nb4 71. Ra5+ Kb6 72. Ra4
Nxd3+ 73. cxd3 Rxd3 74. Rf4 Rd6 75. Kc2 Kc7 76. Kc3 Kd7 77. Kc4 Ke6 78. Re4+ Kf5
79. Re8 Kf4 80. Kc5 Rd1 81. Kxc6 f5 0-1

[Event "Titled Tue 10th Jun Early"]
[Site "chess.com INT"]
[Date "2025.06.10"]
[Round "10"]
[White "Madhesh Kumar S"]
[Black "Paltrinieri, Nicholas"]
[Result "1-0"]
[WhiteTitle "CM"]
[BlackTitle "FM"]
[WhiteElo "2243"]
[BlackElo "2359"]
[WhiteFideId "25168649"]
[BlackFideId "828262"]
[EventDate "2025.06.10"]

1. e4 e6 2. d4 d5 3. Nc3 Bb4 4. exd5 exd5 5. Bd3 Ne7 6. a3 Bd6 7. Nge2 Nbc6 8.
Nb5 Bf5 9. Nxd6+ Qxd6 10. O-O f6 11. Bf4 Qd7 12. Re1 O-O-O 13. Nc3 g5 14. Bg3
Bxd3 15. Qxd3 Nf5 16. Ne2 h5 17. h3 h4 18. Bh2 Rdg8 19. Qf3 Nfxd4 20. Nxd4 Nxd4
21. Qxf6 Nxc2 22. Rac1 Nxe1 23. Rxc7+ Qxc7 24. Bxc7 Kxc7 25. Qe5+ Kc8 26. Qxe1
Rd8 27. Qe6+ Rd7 28. Qe5 Rg8 29. Qd4 Kb8 30. g3 hxg3 31. fxg3 Re8 32. h4 gxh4
33. gxh4 Re4 34. Qh8+ Kc7 35. Qc3+ Rc4 36. Qe5+ Kc6 37. h5 Rd6 38. b3 Re4 39.
Qc3+ Kd7 40. Qg7+ Re7 41. Qg4+ Kc7 42. Qd4 a6 43. Kf2 Re4 44. Qg7+ Kb6 45. h6
Rh4 46. h7 Rdh6 47. Qd7 d4 48. Qd8+ Ka7 49. Qc8 Rxh7 50. Qc5+ b6 51. Qd6 Re4 52.
Kf3 Rhe7 53. b4 Re3+ 54. Kf2 d3 55. a4 Re2+ 56. Kf3 d2 57. a5 bxa5 58. bxa5
R2e3+ 59. Kf4 R3e4+ 60. Kf3 Re3+ 61. Kf4 R7e4+ 62. Kf5 Re5+ 63. Kf4 R3e4+ 64.
Kf3 Re7 65. Qxd2 R4e6 66. Qd4+ Kb7 67. Qd5+ Kc7 68. Qc5+ Kd7 69. Qd5+ Ke8 70.
Qa8+ Kf7 71. Qd5 Kf8 72. Qa8+ Kg7 73. Kg4 Rf6 74. Qd5 Kh8 75. Qd8+ Kg7 76. Qxe7+
Kg6 77. Qe8+ Kg7 78. Qd7+ Kg6 79. Qd3+ Kg7 80. Kg5 Rf7 81. Qd4+ Kg8 82. Kg6 Rf8
83. Qg7# 1-0

[Event "Titled Tue 10th Jun Early"]
[Site "chess.com INT"]
[Date "2025.06.10"]
[Round "10"]
[White "Karpenko, Anton"]
[Black "Kourkoulos-Arditis, Stamatis"]
[Result "1/2-1/2"]
[WhiteTitle "CM"]
[BlackTitle "GM"]
[WhiteElo "2219"]
[BlackElo "2580"]
[WhiteFideId "34374353"]
[BlackFideId "4221990"]
[EventDate "2025.06.10"]

1. e4 d6 2. d4 Nf6 3. Nc3 e5 4. Nf3 Nbd7 5. Bc4 Be7 6. a4 O-O 7. O-O c6 8. Re1
h6 9. h3 Re8 10. Ba2 Qc7 11. Be3 a5 12. Qd2 Nf8 13. Rad1 Be6 14. d5 Bd7 15. Qd3
Ng6 16. Nd2 cxd5 17. exd5 Qc8 18. Nc4 Bxh3 19. Nb6 Qg4 20. Qf1 Nh4 21. f3 Qxg2+
22. Qxg2 Nxg2 23. Nxa8 Nxe1 24. Nc7 Rc8 25. Rxe1 Rxc7 26. Bb6 Rc8 27. Bxa5 Bf5
28. Bb3 Nd7 29. Bb4 Nc5 30. Bxc5 Rxc5 31. Ne4 Rc8 32. a5 Bd7 33. Ra1 f5 34. Nd2
Bb5 35. c4 Ba6 36. Bc2 g6 37. Bd3 Bd8 38. b4 b6 39. b5 Bb7 40. a6 Ba8 41. Kf2
Kg7 42. Rg1 Bh4+ 43. Ke2 Kf7 44. Rh1 Bg5 45. Rg1 Bf4 46. Nb1 h5 47. Nc3 h4 48.
Rh1 Bg3 49. Na4 Rb8 50. Bc2 Ke7 51. Bb3 Kd7 52. Bc2 Kc7 53. Bd3 Re8 54. Nc3 Rf8
55. Kf1 Rh8 56. Ne2 f4 57. Bxg6 Rg8 58. Bf5 Rg5 59. Bh3 Rg8 60. Nc3 Rg7 61. Ne4
Rg8 62. Ke2 Rg6 63. Rg1 Rg7 64. Rg2 Rg8 65. Rg1 Rg7 66. Rg2 Rg8 67. Rg1 Rh8 68.
Rg2 Rh6 69. Rg1 Rh7 70. Rg2 Rg7 71. Rg1 Rg8 72. Nf6 Rg6 73. Ne4 Rg8 74. Nf6 Rg6
75. Ne4 1/2-1/2

[Event "Titled Tue 10th Jun Early"]
[Site "chess.com INT"]
[Date "2025.06.10"]
[Round "10"]
[White "Samunenkov, Ihor"]
[Black "Martinez Alcantara, Jose Eduardo"]
[Result "1/2-1/2"]
[WhiteTitle "GM"]
[BlackTitle "GM"]
[WhiteElo "2562"]
[BlackElo "2611"]
[WhiteFideId "14187086"]
[BlackFideId "3805662"]
[EventDate "2025.06.10"]

1. d4 Nf6 2. c4 e6 3. g3 Bb4+ 4. Bd2 c5 5. Bxb4 cxb4 6. Bg2 a5 7. e3 O-O 8. Ne2
d6 9. O-O Qe7 10. a3 Na6 11. Nd2 e5 12. Nb3 Qc7 13. Rc1 Be6 14. c5 Bxb3 15. Qxb3
dxc5 16. dxe5 Qxe5 17. Bxb7 Ra7 18. Bg2 Rd7 19. Rfd1 Rfd8 20. Rxd7 Rxd7 21. Qc4
Qe6 22. Qb5 Rd6 23. Nf4 Qb3 24. Bf1 Qxb2 25. Rxc5 g6 26. Rc8+ Kg7 27. Nd3 Qa1
28. Ra8 Nc7 29. Qc5 Nxa8 30. Qxd6 bxa3 31. Nc5 a2 32. Qe7 Qxf1+ 33. Kxf1 a1=Q+
34. Kg2 Qa2 35. e4 Qc4 36. e5 Qd5+ 37. Kg1 Ng4 38. e6 Ne5 39. f4 Qd4+ 40. Kf1
Qc4+ 41. Kf2 Qd4+ 42. Ke2 Qc4+ 43. Kd2 Qd5+ 44. Kc3 Qf3+ 45. Kc2 Qf2+ 46. Kc3
Qe3+ 47. Kc2 Qe2+ 48. Kc3 Qc4+ 49. Kd2 Qd5+ 50. Kc2 Qg2+ 51. Kc3 Qf3+ 52. Kc2
Qf2+ 53. Kc3 Qe1+ 54. Kc2 Qe2+ 55. Kc3 Qe3+ 56. Kc2 Nb6 57. fxe5 Qe2+ 58. Kc1
Qf1+ 59. Kc2 Qf2+ 60. Kd3 Qf3+ 61. Kc2 Nd5 62. Qxf7+ Qxf7 63. exf7 Kxf7 64. Kb3
Ne3 65. h3 Ke7 66. Ka4 Nc4 67. e6 Kd6 68. Kb5 Ne3 69. e7 Kxe7 70. Kxa5 Nf5 71.
g4 Nd4 72. Kb4 Kf6 73. Kc4 Nf3 74. Kd3 Kg5 75. Ne4+ Kf4 76. Nf6 h6 77. Ng8 h5
78. gxh5 gxh5 79. Nf6 h4 80. Nh5+ Kg5 81. Ng7 Ng1 82. Ke3 Nxh3 83. Kf3 Nf4 84.
Ne8 Ng6 85. Nd6 Ne5+ 86. Kg2 Kg4 87. Ne4 h3+ 88. Kh1 Nd3 89. Kh2 Kh4 90. Ng5 Nf2
91. Nxh3 1/2-1/2

[Event "Titled Tue 10th Jun Early"]
[Site "chess.com INT"]
[Date "2025.06.10"]
[Round "10"]
[White "Rustamov, Rustam"]
[Black "Praggnanandhaa, R"]
[Result "0-1"]
[WhiteTitle "FM"]
[BlackTitle "GM"]
[WhiteElo "2334"]
[BlackElo "2767"]
[WhiteFideId "13440110"]
[BlackFideId "25059530"]
[EventDate "2025.06.10"]

1. e4 c5 2. Nf3 e6 3. d4 cxd4 4. Nxd4 a6 5. Nc3 Qc7 6. Be3 Bb4 7. Bd2 Nf6 8. Bd3
Nc6 9. Nxc6 dxc6 10. O-O Bd6 11. h3 b5 12. Qe2 e5 13. f4 Bb7 14. a4 b4 15. Nd1
exf4 16. e5 Bxe5 17. Bxb4 O-O-O 18. Bc5 Bd4+ 19. Bxd4 Rxd4 20. c3 Rd5 21. Nf2
Re8 22. Qc2 Re3 23. Bc4 Rg5 24. h4 Rg6 25. Qf5+ Kb8 26. Nh3 Bc8 27. Qxf4 Bxh3
28. Qxc7+ Kxc7 29. Rf2 Be6 30. Bxa6 Ne4 31. Rf4 f5 32. Bf1 Ng3 33. a5 Ne2+ 34.
Bxe2 Rxe2 35. Rf2 Rxf2 36. Kxf2 Bd5 37. g3 f4 38. gxf4 Rg2+ 39. Ke3 Rxb2 40. a6
Kb8 41. f5 Ka7 42. Kd4 Ra2 43. Rg1 Rg2 44. Ra1 Rg4+ 45. Kc5 Rc4+ 46. Kd6 Rxh4
47. Rg1 Rh6+ 48. Ke7 Rf6 49. Rxg7 Rxf5 50. Rxh7 Kxa6 51. Kd6 Bf3 52. Rh4 Kb5 53.
Rb4+ Ka5 54. Rh4 Rb5 55. c4 Rf5 56. c5 Kb5 57. Rh8 Rd5+ 58. Kc7 Kxc5 59. Rh6 Rd3
60. Rf6 Bd5 61. Rf4 Rd4 62. Rf1 Kb4 63. Rb1+ Kc3 64. Rc1+ Kd2 65. Rc5 Kd3 66.
Ra5 Rb4 67. Kd6 Be4 68. Rh5 Kd4 69. Rg5 Rb5 70. Rg1 Rd5+ 71. Ke6 c5 72. Rd1+ Kc4
73. Rc1+ Kb5 74. Re1 Rd4 75. Ke5 Bc2 76. Rc1 Bd3 77. Rc3 Kb4 78. Rc1 Rd8 79. Rg1
c4 80. Rg7 c3 81. Rb7+ Ka3 0-1

[Event "Titled Tue 10th Jun Early"]
[Site "chess.com INT"]
[Date "2025.06.10"]
[Round "10"]
[White "Zeliantsova, Kseniya"]
[Black "Mohylnyi, Stepan"]
[Result "1-0"]
[WhiteTitle "WFM"]
[BlackTitle "FM"]
[WhiteElo "2062"]
[BlackElo "2314"]
[WhiteFideId "13512617"]
[BlackFideId "34127836"]
[EventDate "2025.06.10"]

1. e4 c5 2. Nf3 e6 3. Nc3 Nc6 4. d4 cxd4 5. Nxd4 a6 6. g3 Qc7 7. Bg2 Nf6 8. O-O
Be7 9. Be3 d6 10. a4 Ne5 11. h3 O-O 12. Nce2 Nc4 13. Bc1 d5 14. b3 Ne5 15. f4
Nc6 16. e5 Ne4 17. Qd3 Nb4 18. Qd1 Bc5 19. Bb2 Bxd4+ 20. Nxd4 Nxg3 21. Re1 Nc6
22. Re3 Nxd4 23. Bxd4 Nf5 24. Rc3 Qd8 25. Bc5 Re8 26. Qg4 Bd7 27. Kh2 Bc6 28.
Rg1 g6 29. Rd3 b5 30. Be4 Qc8 31. Bxf5 exf5 32. Qg5 bxa4 33. Bd4 Qe6 34. h4 Bb5
35. Rdg3 Rac8 36. R1g2 axb3 37. cxb3 Bf1 38. Rf2 Bd3 39. h5 Be4 40. hxg6 fxg6
41. Rg1 Rc7 42. Qh6 Rec8 43. Kh3 Rc2 44. Rxc2 Rxc2 45. Qg5 Rc8 46. Qh6 a5 47.
Qg5 a4 48. bxa4 Kf7 49. Qh6 Kg8 50. Qg5 Ra8 51. Rg3 Qe8 52. e6 Qxe6 53. Qh6 Qf7
54. Be5 Rxa4 55. Rc3 Ra8 56. Rc7 Qxc7 57. Bxc7 Ra7 58. Be5 Rd7 59. Kh4 d4 60.
Qg5 d3 61. Qf6 d2 62. Qh8+ Kf7 63. Qg7+ Ke6 64. Qf6+ Kd5 65. Qb6 d1=Q 66. Qb5+
Ke6 67. Qc4+ Qd5 68. Qc8 Qc6 69. Qe8+ Kd5 70. Qf7+ Kc5 71. Qf8+ Kb5 72. Qb8+ Qb6
73. Qe8 Bb7 74. Qxd7+ Bc6 75. Qd3+ Ka5 76. Bc3+ Ka4 77. Qc4+ Ka3 78. Bd4 Qb1 79.
Qxc6 Qe1+ 80. Kg5 Qg3+ 81. Kf6 Qxf4 82. Bc5+ Kb3 83. Qd5+ Kc2 84. Bd6 Qe4 85.
Qc5+ Kd2 86. Be5 Ke2 87. Qb5+ Kf3 88. Qb3+ Kg4 89. Qg3+ Kh5 90. Qg5# 1-0

[Event "Titled Tue 10th Jun Early"]
[Site "chess.com INT"]
[Date "2025.06.10"]
[Round "10"]
[White "Mekhitarian, Krikor Sevag"]
[Black "Goncharov, Vladimir"]
[Result "0-1"]
[WhiteTitle "GM"]
[WhiteElo "2564"]
[BlackElo "2077"]
[WhiteFideId "2107660"]
[BlackFideId "34162256"]
[EventDate "2025.06.10"]

1. Nf3 Nf6 2. c4 c5 3. Nc3 Nc6 4. d4 cxd4 5. Nxd4 e6 6. Bf4 d6 7. Ndb5 e5 8. Bg5
a6 9. Na3 Be7 10. g3 O-O 11. Qd2 h6 12. Bxf6 Bxf6 13. Bg2 Bg5 14. e3 Be6 15. O-O
Qa5 16. Rfd1 Rfd8 17. Nd5 Qxd2 18. Rxd2 Bxd5 19. Bxd5 Be7 20. Rad1 Kf8 21. Nc2
Rab8 22. b4 Rdc8 23. a3 Nd8 24. Ne1 b5 25. Rc2 Rc7 26. Rdc1 Ra7 27. Nd3 bxc4 28.
Rxc4 a5 29. Kf1 axb4 30. axb4 g6 31. f4 Kg7 32. Rc7 Rxc7 33. Rxc7 Kf8 34. Ke2
exf4 35. gxf4 Ne6 36. Rc4 Ke8 37. b5 Kd8 38. Bc6 Nc7 39. Rb4 d5 40. Rb3 Bd6 41.
Kf3 g5 42. Rb1 gxf4 43. exf4 Ke7 44. h4 d4 45. h5 Ne6 46. Ke4 Kf6 47. Ra1 Nc5+
48. Nxc5 Bxc5 49. Rc1 Bb6 50. Rd1 Rd8 51. Rd3 Rd6 52. Kf3 Re6 53. Be4 Re7 54.
Ra3 Re6 55. Ra6 Bd8 56. Ra8 Bb6 57. Rc8 Rd6 58. Bd3 Ke7 59. Kg4 Re6 60. Bf5 Rd6
61. Bd3 Re6 62. Rc4 Rd6 63. Be4 Re6 64. Kf3 Rd6 65. Bd3 Re6 66. Be4 Rd6 67. Rc2
Ba5 68. Bd3 Bb6 69. Ra2 Re6 70. Bc4 Rd6 71. Ke4 Kf6 72. Ra6 Ke7 73. Ra8 Kf6 74.
Rh8 Kg7 75. Re8 Kf6 76. Rc8 Ke7 77. Bd3 Kf6 78. Rc4 Re6+ 79. Kd5 Ke7 80. Bf5
Rd6+ 81. Ke5 d3 82. Rc1 d2 83. Rd1 Bd4+ 84. Ke4 Bc3 85. Kf3 Ba5 86. Be4 Kf6 87.
Bc6 Rd4 88. Ke2 Rd6 89. Rf1 Re6+ 90. Kd1 Re1+ 0-1

[Event "Titled Tue 10th Jun Early"]
[Site "chess.com INT"]
[Date "2025.06.10"]
[Round "10"]
[White "Dogan, Umut Anil"]
[Black "Rustemov, Alexander"]
[Result "1/2-1/2"]
[WhiteTitle "CM"]
[BlackTitle "GM"]
[WhiteElo "2060"]
[BlackElo "2525"]
[WhiteFideId "51618060"]
[BlackFideId "4119002"]
[EventDate "2025.06.10"]

1. Nf3 d5 2. g3 c6 3. Bg2 Bf5 4. d3 e6 5. h3 h6 6. O-O Nf6 7. Nc3 Nbd7 8. Qe1
Bh7 9. a3 Bc5 10. e4 O-O 11. Bd2 Qc7 12. Rd1 Rfd8 13. e5 Ne8 14. h4 Bf8 15. Bf4
b5 16. Nh2 a5 17. Ne2 b4 18. a4 c5 19. Nf3 Rac8 20. c3 Qb6 21. Be3 Qa6 22. Nf4
bxc3 23. bxc3 Nb6 24. Nh2 Nxa4 25. Ra1 Nb6 26. Qe2 a4 27. Qh5 Bxd3 28. Rfd1 Bf5
29. Ra2 Nc4 30. Rda1 a3 31. Bf1 Ra8 32. Bxc4 Qxc4 33. Rxa3 Rxa3 34. Rxa3 Rb8 35.
Ra7 Rb1+ 36. Kg2 g6 37. Qe2 Qxe2 38. Nxe2 Rb2 39. Nf4 Rb8 40. Ra5 Rc8 41. g4
Be4+ 42. f3 Bc2 43. Nf1 Bg7 44. Rxc5 Rxc5 45. Bxc5 Bxe5 46. Ne2 Bd3 47. Nfg3 Nd6
48. Bd4 Bxg3 49. Nxg3 Nc4 50. f4 Be4+ 51. Kf2 Bc2 52. g5 h5 53. Nf1 Nd6 54. Ne3
Be4 55. Be5 Nb5 56. c4 dxc4 57. Nxc4 Bd5 58. Ne3 Na7 59. Bd4 Nc6 60. Bc3 Ne7 61.
Bf6 Nc6 62. Bc3 Kf8 63. Nc2 Ke7 64. Nd4 Nb8 65. Bb4+ Kd7 66. Ke3 Na6 67. Ba3 Nc7
68. Nc2 Ne8 69. Nd4 Ng7 70. Bc5 Bb7 71. Bb4 Ne8 72. Bc5 Ba6 73. Bb4 Kc7 74. Nf3
Ng7 75. Ne5 Nf5+ 76. Kf2 Nxh4 77. Nxf7 Bd3 78. Ne5 Be4 79. Ke3 Bb1 80. Kf2 Nf5
81. Nxg6 Nd4 82. Ne5 Nc6 83. Nxc6 Kxc6 84. Bc3 Bf5 85. Be5 Kd5 86. Kg3 Ke4 87.
Kh4 Bg6 88. Bd6 Kf5 89. Be5 Bf7 90. Bb8 Be8 91. Be5 Bf7 92. Bb8 Bg6 93. Be5 Be8
94. Bb8 Kg6 95. Be5 Bc6 96. Bb8 Be4 97. Be5 Bf3 98. Bb8 Be2 99. Be5 Bd1 100. Bc7
Bc2 101. Be5 Bf5 102. Bd6 Bg4 103. Bc7 Bf5 104. Be5 Bg4 105. Kg3 Kf5 106. Kh4
Be2 107. Kg3 Bd1 108. Kh3 Bc2 109. Kh4 Kg6 110. Bd6 Bf5 111. Be5 Bg4 112. Bd4
Bf5 113. Be5 1/2-1/2

[Event "Titled Tue 10th Jun Early"]
[Site "chess.com INT"]
[Date "2025.06.10"]
[Round "10"]
[White "Nitish, Belurkar"]
[Black "Ahmad, Khagan"]
[Result "1/2-1/2"]
[WhiteTitle "IM"]
[BlackTitle "IM"]
[WhiteElo "2454"]
[BlackElo "2394"]
[WhiteFideId "5084768"]
[BlackFideId "13431552"]
[EventDate "2025.06.10"]

1. e4 c5 2. Nf3 d6 3. d4 cxd4 4. Nxd4 Nf6 5. Nc3 a6 6. h3 e6 7. g4 Be7 8. Be3 b5
9. Bg2 Bb7 10. a3 O-O 11. O-O Nfd7 12. f4 Nc6 13. Nb3 Nc5 14. g5 b4 15. axb4
Nxb3 16. cxb3 Nxb4 17. Qe2 d5 18. Rfd1 Qb8 19. exd5 Nxd5 20. Nxd5 Bxd5 21. Bxd5
exd5 22. Rxd5 Qxb3 23. Rd3 Qb5 24. Rd2 Rfb8 25. Qxb5 Rxb5 26. Kg2 f6 27. h4 fxg5
28. hxg5 Kf7 29. Kf3 Rb3 30. Ke2 Rab8 31. Rxa6 Rxb2 32. Rxb2 Rxb2+ 33. Kf3 Rb3
34. Ke4 Rb4+ 35. Kf3 Rb3 36. Ke4 Rb4+ 37. Kf5 Rb5+ 38. Kg4 g6 39. Bd4 Rd5 40.
Be5 Rd3 41. Ra8 Rd1 42. Ra7 Ke6 43. Ra6+ Kf7 44. Kf3 Rd3+ 45. Ke4 Rd1 46. Ra7
Ke6 47. Ra6+ Kf7 48. Bd4 Rb1 49. Ra8 Rb4 50. Ke3 Rb3+ 51. Ke2 Ke6 52. Ra5 Bd6
53. Be5 Bb4 54. Rb5 Kd7 55. Rb7+ Kc6 56. Rxh7 Kd5 57. Rb7 Ke4 58. Rb6 Re3+ 59.
Kd1 Rd3+ 60. Kc2 Rd2+ 61. Kb3 Bc5 62. Rxg6 Be3 63. Rf6 Rg2 64. Kc4 Rc2+ 65. Kb5
Kd5 66. Rd6+ Ke4 67. Rc6 Rg2 68. Rc4+ Kf5 69. Kc6 Rd2 70. Ra4 Rd1 71. Rc4 Rd8
72. Bc7 Rd1 73. Ra4 Rc1+ 74. Kd7 Rd1+ 75. Ke8 Rc1 76. Be5 Rd1 77. Ke7 Bc5+ 78.
Kf7 Rd7+ 79. Ke8 Re7+ 80. Kd8 Rh7 81. Ra5 Bb6+ 82. Bc7+ Bxa5 83. Bxa5 Kxf4 84.
Bd2+ Kf5 85. Ke8 Rh2 86. Bc1 Rc2 87. Ba3 Kxg5 88. Kd7 Kf5 89. Bd6 Rd2 90. Kc6
Ke6 91. Bb8 Rc2+ 92. Kb7 Ra2 93. Bc7 Kd7 94. Bf4 Rf2 95. Bb8 Rg2 96. Ba7 Rb2+
97. Bb6 Ra2 98. Bc5 Ke6 99. Ba7 Kd5 100. Bb8 Kc4 101. Bc7 Kb5 102. Bb8 Rg2 103.
Ka8 Ka6 104. Bc7 Rg8+ 105. Bb8 Rg7 106. Bd6 Ra7+ 107. Kb8 Rd7 108. Bc7 Kb5 109.
Be5 Kb6 110. Ka8 Ra7+ 111. Kb8 Re7 112. Bd4+ Ka6 113. Bc5 Rb7+ 114. Ka8 Rc7 115.
Bd6 Ra7+ 116. Kb8 Rg7 117. Ka8 Kb6 118. Bb8 Rf7 119. Be5 Ra7+ 120. Kb8 Re7 121.
Bd4+ Ka6 122. Bc5 Re8+ 123. Kc7 Kb5 124. Bd6 Ka6 125. Bc5 Rh8 126. Bd4 Rh7+ 127.
Kb8 Rd7 128. Be5 Kb6 129. Ka8 Ra7+ 1/2-1/2

[Event "Titled Tue 10th Jun Early"]
[Site "chess.com INT"]
[Date "2025.06.10"]
[Round "11"]
[White "Bold, Andre"]
[Black "Risteski, Emil"]
[Result "0-1"]
[WhiteTitle "CM"]
[BlackTitle "IM"]
[WhiteElo "2235"]
[BlackElo "2374"]
[WhiteFideId "16208471"]
[BlackFideId "15005267"]
[EventDate "2025.06.10"]

1. d4 g6 2. Nf3 Bg7 3. g3 d6 4. Bg2 Nh6 5. O-O O-O 6. c4 Nd7 7. Nc3 e5 8. dxe5
dxe5 9. Qc2 f6 10. Rd1 Nf7 11. b3 Re8 12. e4 c6 13. Ba3 Bf8 14. Bxf8 Kxf8 15.
Rd6 Nxd6 0-1

[Event "Titled Tue 10th Jun Early"]
[Site "chess.com INT"]
[Date "2025.06.10"]
[Round "11"]
[White "Estrada Nieto, Julian"]
[Black "Recuero Guerra, Javier"]
[Result "1-0"]
[WhiteTitle "IM"]
[BlackTitle "FM"]
[WhiteElo "2181"]
[BlackElo "2126"]
[WhiteFideId "5101018"]
[BlackFideId "2254085"]
[EventDate "2025.06.10"]

1. e4 e5 2. Nf3 Nc6 3. Bb5 Nge7 4. Nc3 g6 5. d4 exd4 6. Nd5 Nxd5 7. exd5 Nb4 8.
O-O Bg7 9. Bg5 f6 10. Re1+ Kf8 11. Qxd4 f5 12. Qxb4+ 1-0

[Event "Titled Tue 10th Jun Early"]
[Site "chess.com INT"]
[Date "2025.06.10"]
[Round "11"]
[White "Sanhueza, Cristian"]
[Black "Suvradeepta, Das"]
[Result "1-0"]
[WhiteTitle "FM"]
[BlackTitle "FM"]
[WhiteElo "2213"]
[BlackElo "2230"]
[WhiteFideId "116815"]
[BlackFideId "5058031"]
[EventDate "2025.06.10"]

1. e4 c6 2. d4 d5 3. exd5 cxd5 4. c4 Nf6 5. Nc3 g6 6. Qb3 Bg7 7. cxd5 O-O 8. Be2
Nbd7 9. Bf3 Nb6 10. Nge2 Bd7 11. a4 a5 12. O-O Rc8 13. Re1 Bg4 14. Bxg4 Nxg4 15.
h3 Nf6 16. Nf4 Qd7 17. Qxb6 1-0

[Event "Titled Tue 10th Jun Early"]
[Site "chess.com INT"]
[Date "2025.06.10"]
[Round "11"]
[White "Perry, Patrick"]
[Black "Bezerra, Flavio Rodrigo Costa"]
[Result "1-0"]
[WhiteElo "2296"]
[BlackElo "2096"]
[WhiteFideId "30917727"]
[BlackFideId "2114704"]
[EventDate "2025.06.10"]

1. e4 c5 2. d4 cxd4 3. Nf3 Nc6 4. Nxd4 g6 5. Nxc6 bxc6 6. Qd4 Nf6 7. e5 Nd5 8.
e6 Nf6 9. exd7+ Bxd7 10. Nc3 Bg7 11. Bf4 O-O 12. O-O-O Nd5 13. Be5 f6 14. Nxd5
fxe5 15. Qc5 Bg4 16. Nxe7+ 1-0

[Event "Titled Tue 10th Jun Early"]
[Site "chess.com INT"]
[Date "2025.06.10"]
[Round "11"]
[White "Ahmad, Khagan"]
[Black "Oro, Faustino"]
[Result "0-1"]
[WhiteTitle "IM"]
[BlackTitle "IM"]
[WhiteElo "2394"]
[BlackElo "2465"]
[WhiteFideId "13431552"]
[BlackFideId "20000197"]
[EventDate "2025.06.10"]

1. d4 Nf6 2. c4 e6 3. Nf3 d5 4. Nc3 dxc4 5. e4 b5 6. e5 Nd5 7. Nxb5 Nb6 8. Be2
Be7 9. O-O Nc6 10. Qd2 Bb7 11. Rd1 O-O 12. Qf4 Nb4 13. Qg3 Kh8 14. Nc3 Qd7 15.
h4 f5 16. exf6 gxf6 17. h5 Rg8 18. Qh3 Bd6 19. Ne5 fxe5 20. dxe5 Rxg2+ 21. Qxg2
Bxg2 22. exd6 Rg8 23. Be3 e5 0-1

[Event "Titled Tue 10th Jun Early"]
[Site "chess.com INT"]
[Date "2025.06.10"]
[Round "11"]
[White "Labussiere, Victor"]
[Black "Papaioannou, Dimitrios"]
[Result "0-1"]
[WhiteTitle "FM"]
[BlackTitle "CM"]
[WhiteElo "2312"]
[BlackElo "2206"]
[WhiteFideId "2183129"]
[BlackFideId "25865137"]
[EventDate "2025.06.10"]

1. c4 Nf6 2. Nc3 c5 3. Nf3 e6 4. e3 d5 5. d4 a6 6. a3 dxc4 7. Bxc4 b5 8. Ba2 Bb7
9. O-O Nbd7 10. d5 exd5 11. Nxd5 Be7 12. e4 c4 13. Nxe7 Qxe7 14. e5 Ne4 15. Bb1
Ndc5 16. Bg5 Nxg5 0-1

[Event "Titled Tue 10th Jun Early"]
[Site "chess.com INT"]
[Date "2025.06.10"]
[Round "11"]
[White "Castillo Pena, Patricia Evarista"]
[Black "Miserendino, Alfredo"]
[Result "1-0"]
[WhiteTitle "WFM"]
[WhiteElo "1909"]
[BlackElo "2032"]
[WhiteFideId "6412106"]
[BlackFideId "101800"]
[EventDate "2025.06.10"]

1. d4 c5 2. e3 cxd4 3. exd4 Nf6 4. Nf3 e6 5. Bd3 Be7 6. O-O O-O 7. b3 b6 8. Bb2
Bb7 9. c4 Nc6 10. Nbd2 d5 11. a3 dxc4 12. bxc4 Na5 13. Rc1 Rc8 14. Qe2 Qd7 15.
Ne5 Qc7 16. d5 exd5 17. cxd5 Bc5 18. Ne4 Nxe4 19. Qxe4 g6 20. Ng4 f5 21. Nh6# 1-0

[Event "Titled Tue 10th Jun Early"]
[Site "chess.com INT"]
[Date "2025.06.10"]
[Round "11"]
[White "Wyss, Jonas"]
[Black "Kulnev, Aleksandr"]
[Result "0-1"]
[WhiteTitle "FM"]
[BlackTitle "CM"]
[WhiteElo "2278"]
[BlackElo "2213"]
[WhiteFideId "1311387"]
[BlackFideId "54157544"]
[EventDate "2025.06.10"]

1. e4 c5 2. Nf3 d6 3. Bb5+ Bd7 4. Bxd7+ Nxd7 5. O-O Ngf6 6. Qe2 e6 7. c3 g6 8.
d4 Bg7 9. Be3 Nxe4 10. Nbd2 Nxd2 11. Nxd2 cxd4 12. Bxd4 O-O 13. Bxg7 Kxg7 14. f4
Qb6+ 15. Kh1 Qxb2 0-1

[Event "Titled Tue 10th Jun Early"]
[Site "chess.com INT"]
[Date "2025.06.10"]
[Round "11"]
[White "Nitish, Belurkar"]
[Black "Tabatabaei, M. Amin"]
[Result "0-1"]
[WhiteTitle "IM"]
[BlackTitle "GM"]
[WhiteElo "2454"]
[BlackElo "2655"]
[WhiteFideId "5084768"]
[BlackFideId "12521213"]
[EventDate "2025.06.10"]

1. e4 e5 2. Nf3 Nc6 3. Bc4 Bc5 4. c3 Nf6 5. d4 exd4 6. e5 d5 7. Be2 Ne4 8. cxd4
Bb4+ 9. Bd2 Nxd2 10. Nbxd2 O-O 11. O-O f6 12. exf6 Qxf6 13. Nb3 Bd6 14. Rc1 Ne7
15. Nc5 c6 16. Qb3 Ng6 17. Nd3 Nf4 18. Nxf4 Qxf4 19. h3 Rb8 20. Rfe1 Bf5 21. Qe3
Qxe3 22. fxe3 Rbe8 23. Bd1 Bg3 24. Re2 Bd3 25. Rd2 Rxe3 26. Rc3 Re1+ 27. Nxe1
Rf1# 0-1

[Event "Titled Tue 10th Jun Early"]
[Site "chess.com INT"]
[Date "2025.06.10"]
[Round "11"]
[White "Ocampos, Ian"]
[Black "Chiang, Jacob"]
[Result "1-0"]
[WhiteElo "2216"]
[BlackElo "2006"]
[WhiteFideId "117544"]
[BlackFideId "30962331"]
[EventDate "2025.06.10"]

1. d4 c5 2. d5 Nf6 3. Nc3 e6 4. e4 d6 5. Bb5+ Bd7 6. a4 exd5 7. exd5 a6 8. Bd3
g6 9. Nf3 Bg7 10. O-O O-O 11. h3 Re8 12. Bf4 Qc7 13. Nd2 Nh5 14. Bh2 Be5 15.
Bxe5 Rxe5 16. Nc4 Re8 17. Ne4 Rxe4 18. Bxe4 Be8 19. Bf3 Nf6 20. Re1 Nbd7 21. Qd2
Rd8 22. a5 Ne5 23. Nxe5 dxe5 24. c4 Bd7 25. h4 Bf5 26. h5 e4 27. Bd1 gxh5 28.
Qg5+ 1-0